| 000 | 00788nam a22002897a 4500 | ||
|---|---|---|---|
| 001 | 0042437 | ||
| 003 | KOHA_MİRAKIL | ||
| 005 | 20260207003313.0 | ||
| 007 | ta | ||
| 008 | 130730b2012 tu |||gr||||#0|||1|tur | | ||
| 020 | _a9786054599387 | ||
| 040 |
_aTR-BiSEU _btur _cTR-BiSEU _erda |
||
| 041 | 0 | _atur | |
| 044 | _ctu | ||
| 050 |
_aPL248.S45 _bK87 2012 |
||
| 100 | 1 | _aSelvi, Murat . | |
| 245 | 1 |
_aKurt kapanı/ _cMurat Selvi ; Murat Selvi. |
|
| 264 | 1 |
_aİstanbul : _bBilge Oğuz _c2012 |
|
| 300 |
_a152 sayfa ; _c21 cm. |
||
| 336 |
_ametin _btxt _2rdacontent |
||
| 337 |
_aaracısız _bn _2rdamedia |
||
| 338 |
_acilt _bnc _2rdacarrier |
||
| 650 | 0 |
_aTürk edebiyatı--Roman. _93222 |
|
| 650 | 0 |
_aTurkish literature--Fiction. _93223 |
|
| 907 | _aRoman | ||
| 942 |
_2lcc _cBK |
||
| 999 |
_c42270 _d42270 |
||